El heptamerón o cuentos de la reina de Navarra

Enregistré dans:
Détails bibliographiques
Auteur principal: Margarita de Valois (autora)
Format: Livre
Langue:espagnol
Publié: Barcelona Iberia 1967
Collection:Obras Maestras
Sujets:
Tags: Ajouter un tag
Pas de tags, Soyez le premier à ajouter un tag!

MARC

LEADER 00000cam a2200000 a 4500
001 UCO5457
003 CL-VaPUC
008 000901e19670000SP |||||||||||||||||spa|d
082 0 4 |a 843  |b MAR  |2 21 
100 |a Margarita de Valois  |e autora  |9 450186 
245 1 3 |a El heptamerón o cuentos de la reina de Navarra 
300 |a v 
942 |c BK 
945 |d 20000901 00:00:00  |a crobeson 
260 |a Barcelona  |b Iberia  |c 1967 
650 0 |a Novela francesa  |9 264985 
650 0 |a Literatura francesa  |9 266330 
583 |a last modification  |c 20140703 01:41:39  |k Rodrigo Vera 
490 0 |a Obras Maestras 
999 |c 291315  |d 291313 
952 |0 0  |1 0  |4 0  |6 843_000000000000000_MAR_1967  |7 0  |8 A  |9 341129  |a BIBART  |b BIBART  |d 2019-11-20  |h v.1  |i 1220543  |o 843 MAR 1967  |p 1220543  |r 2025-03-13  |w 2019-11-20  |y BK  |k ART 
952 |0 0  |1 0  |4 0  |6 843_000000000000000_MAR_1967  |7 0  |8 A  |9 341130  |a BIBART  |b BIBART  |d 2019-11-20  |h v.2  |i 1220551  |o 843 MAR 1967  |p 1220551  |r 2025-03-13  |w 2019-11-20  |y BK  |k ART 
952 |0 0  |1 0  |3 erd  |4 0  |6 843_000000000000000_MAR_1967  |7 0  |8 A  |9 341131  |a BIBEDU  |b BIBEDU  |h v.2  |i 5047919  |o 843 MAR 1967  |p 5047919  |r 2019-11-20  |w 2019-11-20  |y BK  |z Catalogado en:20140703  |k LIT 
952 |0 0  |1 0  |3 erd  |4 0  |6 843_000000000000000_MAR_1967  |7 0  |8 A  |9 341132  |a BIBEDU  |b BIBEDU  |e Familia Cárdenas Lailhacar  |h v.1  |i 5300533  |o 843 MAR 1967  |p 5300533  |r 2019-11-20  |w 2019-11-20  |y BK  |z Catalogado en:20160505  |k FIL